Catálogo

Paganos y cristianos : (Registro nro. 54793)

Detalles MARC
000 -LEADER
fixed length control field 01517cam a2200349 i 4500
001 - CONTROL NUMBER
control field 54793
003 - CONTROL NUMBER IDENTIFIER
control field Mx-PuUPA
005 - DATE AND TIME OF LATEST TRANSACTION
control field 20250716130211.0
008 - FIXED-LENGTH DATA ELEMENTS--GENERAL INFORMATION
fixed length control field 140415s2013 sp a gr 000 0 spa d
020 ## - INTERNATIONAL STANDARD BOOK NUMBER
International Standard Book Number 9788490550250
040 ## - CATALOGING SOURCE
Original cataloging agency Mx-PuUPA
Language of cataloging spa
Transcribing agency Mx-PuUPA
Modifying agency Mx-PuUPA
Description conventions rda
041 1# - LANGUAGE CODE
Language code of text/sound track or separate title spa
Language code of original ger
-- lat
100 1# - MAIN ENTRY--PERSONAL NAME
Personal name Dölger, Franz Joseph,
Dates associated with a name 1879-1940
Relator term autor
9 (RLIN) 17329
245 10 - TITLE STATEMENT
Title Paganos y cristianos :
Remainder of title el debate de la antigüedad sobre el significado de los símbolos /
Statement of responsibility, etc. Franz Josepth Dölger ; prólogo de Mons. José Rico Pavés ; traducción de Milagros García Vázquez (alemán). Iñaki Marro Sánchez (alemán), Pedro Sabe Andreu (griego y latín)
264 #1 - PRODUCTION, PUBLICATION, DISTRIBUTION, MANUFACTURE, AND COPYRIGHT NOTICE
Place of production, publication, distribution, manufacture Madrid :
Name of producer, publisher, distributor, manufacturer Ediciones Encuentro,
Date of production, publication, distribution, manufacture, or copyright notice ©2013
300 ## - PHYSICAL DESCRIPTION
Extent 305 páginas, 8 láminas (sin paginación) :
Other physical details ilustraciones (en blanco y negro) ;
Dimensions 23 cm
336 ## - CONTENT TYPE
Fuente rdacontent
Content type term texto
Content type code txt
337 ## - MEDIA TYPE
Source rdamedia
Media type term sin medio
Media type code n
338 ## - CARRIER TYPE
Source rdacarrier
Carrier type term volumen
Carrier type code nc
490 0# - SERIES STATEMENT
Series statement Ensayos ;
Volume/sequential designation 513
650 #7 - SUBJECT ADDED ENTRY--TOPICAL TERM
Source of heading or term armarc
Topical term or geographic name entry element Cristianismo
General subdivision Signos y símbolos
650 #7 - SUBJECT ADDED ENTRY--TOPICAL TERM
Source of heading or term armarc
Topical term or geographic name entry element Iglesia
General subdivision Historia
Chronological subdivision Periodo primitivo 30 a.C. - 600 d.C.
650 #7 - SUBJECT ADDED ENTRY--TOPICAL TERM
Source of heading or term armarc
Topical term or geographic name entry element Cristianismo y otras religiones
650 #7 - SUBJECT ADDED ENTRY--TOPICAL TERM
Source of heading or term armarc
Topical term or geographic name entry element Antiguedades cristianas
700 1# - ADDED ENTRY--PERSONAL NAME
Personal name José Rico Pavés,
Relator term prologuista
700 1# - ADDED ENTRY--PERSONAL NAME
Personal name García Vázquez, Milagros,
Relator term traductor
700 1# - ADDED ENTRY--PERSONAL NAME
Personal name Sánchez, Iñaki Marro,
Relator term traductor
700 1# - ADDED ENTRY--PERSONAL NAME
Personal name Andreu, Pedro Sabe,
Relator term traductor
942 ## - ADDED ENTRY ELEMENTS (KOHA)
Source of classification or shelving scheme Dewey Decimal Classification
Koha item type Libro
Classification part 270.1
Item part D6218
Existencias
Withdrawn status Lost status Source of classification or shelving scheme Damaged status Not for loan Collection code Home library Current library Shelving location Date acquired Source of acquisition Total Checkouts Full call number Barcode Date last seen Price effective from Koha item type
    Dewey Decimal Classification     General Centro de Estudios en Ciencia y Religión Centro de Estudios en Ciencia y Religión Sala general 03/12/2013 Compra   270.1 D6218 2013 46895 05/01/2026 03/12/2013 Libro